8 Scenes, 1 Movie! XVIII Quiz Stats

 Plays Quiz Updated Aug 10, 2019

Score 0/25 Timer 10:00
4 Plays Today
% Correct
The Lost World: Jurassic Park
85.6%
Mary Poppins Returns
81.1%
Jumanji: Welcome to the Jungle
79.4%
Oz the Great and Powerful
75.9%
Aquaman
75.8%
The Jungle Book
75.2%
The Iron Lady
73.7%
The Karate Kid
73.5%
The Hunchback of Notre Dame
70.1%
The Lone Ranger
67.7%
Solo: A Star Wars Story
66.3%
Her
63.9%
Nanny McPhee
61.4%
% Correct
Night at the Museum: Battle of the Smithsonian
60.5%
Kingsman: The Golden Circle
57.7%
Men in Black II
55.7%
Pacific Rim: Uprising
54.8%
Mad Max Beyond Thunderdome
54.5%
Venom
46.3%
Horrible Bosses
43.2%
The Huntsman: Winter's War
37.9%
The House with a Clock in Its Walls
34.2%
Hellboy II: The Golden Army
33.8%
Lady Bird
25.2%
Ender's Game
15.6%

You're not logged in!

Compare scores with friends on all Sporcle quizzes.
OR
Log In

Sporcle TV

Today on Sporcle TV


Watch our educational content, quiz creation guides, and fun videos on Sporcle TV.

Show Comments

Extras

Top Quizzes Today


Score Distribution

Your Account Isn't Verified!

In order to create a playlist on Sporcle, you need to verify the email address you used during registration. Go to your Sporcle Settings to finish the process.

Report this User

Report this user for behavior that violates our Community Guidelines.

Details: